| Tag |
First Indicator |
Second Indicator |
Subfields |
| LEADER |
00000cam a2200000 a 4500 |
| 001 |
in00000901034 |
| 005 |
20150923184210.0 |
| 008 |
881215s1989 ne a 00010 eng |
| 010 |
|
|
|a 88027010
|
| 020 |
|
|
|a 9065443967
|
| 035 |
|
|
|a (OCoLC)18962809
|
| 035 |
|
|
|9 AEM6702AM
|
| 040 |
|
|
|a DLC
|c DLC
|d TXA
|d UtOrBLW
|
| 043 |
|
|
|a n-us---
|
| 049 |
|
|
|a TXAM
|c [A13098873]
|
| 050 |
0 |
0 |
|a KF1987.
|b K87 1989
|
| 050 |
|
4 |
|a KF1987
|b .K87 1989
|
| 082 |
0 |
|
|a 343.73/0878
|a 347.303878
|2 19
|
| 100 |
1 |
|
|a Kutten, L. J.
|
| 245 |
1 |
3 |
|a An overview of United States export controls /
|c L.J. Kutten and Brian C. Murphy.
|
| 264 |
|
1 |
|a Deventer ;
|a Boston :
|b Kluwer Law and Taxation Publishers,
|c [1989]
|
| 264 |
|
4 |
|c ©1989
|
| 300 |
|
|
|a xxi, 149 pages :
|b illustrations ;
|c 24 cm.
|
| 336 |
|
|
|a text
|b txt
|2 rdacontent
|
| 337 |
|
|
|a unmediated
|b n
|2 rdamedia
|
| 338 |
|
|
|a volume
|b nc
|2 rdacarrier
|
| 650 |
|
0 |
|a Export controls
|z United States.
|
| 650 |
|
0 |
|a License agreements
|z United States.
|
| 700 |
1 |
|
|a Murphy, Brian C.,
|d 1948-
|
| 999 |
|
|
|a MARS
|
| 999 |
f |
f |
|s 99a3f855-7120-36c5-93e0-7932f848bbdb
|i 4f3a5a20-6c80-3b00-bc4c-234bb4dc7467
|t 0
|
| 952 |
f |
f |
|p ric
|a Texas A&M University
|b Rellis Campus
|c Joint Library Facility
|d Remote Storage
|t 0
|e KF1987 .K87 1989
|h Library of Congress classification
|i unmediated -- volume
|m A14813098873
|
| 998 |
f |
f |
|a KF1987 .K87 1989
|t 0
|l Remote Storage
|